| 000 | 00000nam 2200000zi 4500 |
| 001 | 9.933775 |
| 003 | CaOODSP |
| 005 | 20240212134346 |
| 006 | m o d f |
| 007 | cr cn||||||||| |
| 008 | 240212s2016 abca o f000 0 fre d |
| 040 | |aCaOODSP|bfre|erda|cCaOODSP |
| 043 | |an-cn--- |
| 086 | 1 |aNE23-187/2017-1F-PDF |
| 245 | 00|aSommaire de l'évaluation : |binitiatives visant la sûreté des pipelines et la sensibilisation du public. |
| 246 | 10|aInitiatives visant la sûreté des pipelines et la sensibilisation du public |
| 264 | 1|a[Calgary, Alta.] : |bOffice national de l'énergie, |c2016. |
| 300 | |a1 ressource en ligne (2 pages) : |billustrations |
| 336 | |atexte|btxt|2rdacontent/fre |
| 337 | |ainformatique|bc|2rdamedia/fre |
| 338 | |aressource en ligne|bcr|2rdacarrier/fre |
| 500 | |aTitre de départ. |
| 500 | |aPublié aussi en anglais sous le titre : Evaluation summary : pipeline safety and public awareness initiatives. |
| 520 | |a« La présentation du Conseil du Trésor (CT) relative à la sûreté des pipelines (2012) et à la sensibilisation du public (2012 et 2014) a permis de fournir à l'Office national de l'énergie un financement temporaire de 32,1 millions de dollars sur une période de cinq ans (avril 2012 à mars 2017) pour accroître le niveau des activités relatives à la surveillance de la sécurité des pipelines et pour prendre en compte la sensibilisation accrue du public à la sécurité énergétique » -- À propos des initiatives, page 1. |
| 650 | 6|aPipelines|xPolitique gouvernementale|zCanada. |
| 650 | 6|aPipelines|zCanada|xSécurité|xMesures. |
| 650 | 6|aPolitique énergétique|zCanada|xÉvaluation. |
| 710 | 1 |aCanada. |bOffice national de l'énergie, |eorganisme de publication. |
| 775 | 08|tEvaluation summary : |w(CaOODSP)9.933774 |
| 856 | 40|qPDF|s283 Ko|uhttps://publications.gc.ca/collections/collection_2024/rec-cer/NE23-187-2017-1-fra.pdf |
| 856 | 4 |qHTML|sS.O.|uhttps://www.rec-cer.gc.ca/fr/regie/publications-rapports/evaluations/surete-pipelines-sensiblisation/index.html |